LIBRARY & INFORMATION CENTRE, KCAET, TAVANUR

ONLINE PUBLIC ACCESS CATALOGUE (OPAC)

Farm Machinery and Equipment (Record no. 18996)

MARC details
000 -LEADER
fixed length control field 00356nam a22001457a 4500
003 - CONTROL NUMBER IDENTIFIER
control field OSt
008 - FIXED-LENGTH DATA ELEMENTS--GENERAL INFORMATION
fixed length control field 250109b |||||||| |||| 00| 0 eng d
041 ## - LANGUAGE CODE
Language code of text/sound track or separate title eng
082 ## - DEWEY DECIMAL CLASSIFICATION NUMBER
Classification number 631.3
Item number SMI/FA
100 ## - MAIN ENTRY--AUTHOR NAME
Personal name Smith, HP
245 ## - TITLE STATEMENT
Title Farm Machinery and Equipment
260 ## - PUBLICATION, DISTRIBUTION, ETC. (IMPRINT)
Place of publication NewDelhi:
Name of publisher Tata McGraw Hill,
Year of publication 1983.
700 ## - ADDED ENTRY--PERSONAL NAME
Personal name Wilkies, LH
942 ## - ADDED ENTRY ELEMENTS (KOHA)
Koha item type Books
Holdings
Withdrawn status Lost status Damaged status Home library Current library Date acquired Cost, normal purchase price Full call number Accession Number Koha item type
Withdrawn     KAUAET KAUAET 09/01/2025 57.00 631.3 SMI/FA 14682 Books
free website counter